[Event "Foxwoods op 15th"]
[Site "Ledyard"]
[Date "2023.04.08"]
[Round "6"]
[White "Gangavarapu, Sreekar"]
[Black "Rizzo, Tobias"]
[Result "1/2-1/2"]
[WhiteElo "2022"]
[BlackElo "1867"]
[PlyCount "136"]
[EventDate "2023.04.05"]
[EventType "swiss"]
[EventRounds "9"]
[EventCountry "USA"]
[SourceTitle "CBM 213 Extra"]
[Source "ChessBase"]
[SourceDate "2023.05.31"]
[SourceVersion "1"]
[SourceVersionDate "2023.05.31"]
[SourceQuality "1"]

1. d4 Nf6 2. c4 g6 3. Nc3 d5 4. Nf3 Bg7 5. Qb3 dxc4 6. Qxc4 0-0 7. e4 c6 8. Be2 b5 9. Qb3 a5 10. Qc2 Bb7 11. 0-0 Na6 12. Rd1 Qc7 13. h3 Rfd8 14. Be3 Rac8 15. Rac1 Nd7 16. a4 b4 17. Bxa6 Bxa6 18. Nd5 Qd6 19. Bf4 cxd5 20. Qxc8 Bxc8 21. Bxd6 exd6 22. exd5 Bb7 23. Rc7 Bxd5 24. Ra7 Nb6 25. Rxa5 Bxf3 26. gxf3 Nc4 27. Rb5 Nxb2 28. Ra1 Nc4 29. Rxb4 d5 30. a5 Ra8 31. Rb5 Bxd4 32. Rd1 Bc3 33. Rdxd5 Rxa5 34. Rbc5 Kg7 35. Rxc4 Rxd5 36. Rxc3 Rd4 37. Kg2 h5 38. Rc6 f6 39. Ra6 h4 40. Rb6 Rf4 41. Rd6 Kh6 42. Rd5 Rb4 43. Ra5 f5 44. Ra8 Kg5 45. Ra6 Kh5 46. Rc6 Kh6 47. Ra6 Kg7 48. Rc6 g5 49. Ra6 Rd4 50. Rb6 Kf7 51. Ra6 Rd7 52. Rb6 Re7 53. Ra6 Re6 54. Ra8 Kf6 55. Ra5 Re5 56. Ra6+ Re6 57. Ra5 Rd6 58. Rb5 Ke6 59. Ra5 Rd5 60. Ra4 Ke5 61. Rb4 Rd4 62. Rb5+ Rd5 63. Rb4 Rd4 64. Rb5+ Kf4 65. Rb8 Rc4 66. Ra8 Rd4 67. Rb8 g4 68. fxg4 fxg4 1/2-1/2